Statistics for My Hero Academia Pro Heroes

Click here to take the quiz!

General Stats

  • This quiz has been taken 769 times
    (727 since last reset)
  • The average score is 19 of 50

Answer Stats

QuirkEpithetAnswer% Correct
One for AllThe Symbol of PeaceAll Might
99%
ErasureErasing HeroEraserhead
78%
Hell FlameFlame HeroEndeavor
76%
Fat AdsorptionBMI HeroFat Gum
70%
Somnambulist18+ Only HeroineMidnight
70%
GigantificationN/AMt Lady
67%
RecoveryYouthful HeroineRecovery Girl
66%
VoiceVoice HeroPresent Mic
65%
Fiber MasterFiber HeroBest Jeanist
63%
Fierce WingsWing HeroHawks
63%
CementN/ACementoss
58%
EngineTurbo HeroIngenium
58%
Black HoleSpace HeroThirteen
58%
BubbleN/ABubble Girl
49%
JetN/AGran Torino
45%
ClonesN/AEctoplasm
43%
ForesightN/ASir Nighteye
42%
DogHound HeroHound Dog
41%
N/ARabbit HeroMirko
41%
High SpecN/AMr Principal
41%
OutburstSmile HeroMs. Joke
41%
Blood ManipulationBlood HeroVlad King
40%
FoldabodyNinja HeroEdgeshot
39%
OrcinusN/AGang Orca
39%
Lock DownLock HeroRock Lock
38%
N/ACooking HeroLunch-Rush
31%
N/AChivalrous HeroCrimson Riot
30%
"Unamed Dragon Quirk"Dragoon HeroRyukyu
30%
TelepathN/AMandalay
29%
N/ALaundry HeroWash
28%
SearchN/ARagdoll
26%
CentipedeN/ACentipeder
25%
"Water Quirk"Normal HeroManual
25%
Spotted SealSea Rescue HeroSelkie
25%
Earth FlowN/APixie-Bob
22%
HomingN/ASnipe
21%
ArborN/AKamui Woods
20%
Quad ArmsChivalrous HeroFourth Kind
19%
PliabodyN/ATiger
19%
GatlingBattle HeroGunhead
18%
N/AShield HeroCrust
16%
N/ABuster HeroAir Jet
12%
N/AExcavation HeroPower Loader
12%
Good EarN/ASirius
12%
HydrokinesisRescue SpecialistBackdraft
11%
N/APunching Hero Death Arms
11%
N/ASand HeroSnatch
11%
SerpentressSnake Heroine Uwabami
11%
FlightN/A Captain Celebrity
5%
N/AEquipped HeroYoroi Musha
4%

Score Distribution

Percentile by Number Answered

Percent of People with Each Score

Your Score History

You have not taken this quiz since the last reset